KOHA-Header-6

Accounting for Infrastructure Regulation an Introduction (Record no. 10095)

000 -LEADER
fixed length control field 00306nam a2200109Ia 4500
100 ## - MAIN ENTRY--AUTHOR NAME
Personal name Martin Rodriguez
245 #0 - TITLE STATEMENT
Title Accounting for Infrastructure Regulation an Introduction
260 ## - PUBLICATION, DISTRIBUTION, ETC. (IMPRINT)
Place of publication Washington
Name of publisher The World Bank
Year of publication 1996
300 ## - PHYSICAL DESCRIPTION
Number of Pages 494
942 ## - ADDED ENTRY ELEMENTS (KOHA)
Koha item type Books
Holdings
Withdrawn status Lost status Collection code Permanent Location Current Location Shelving location Date acquired Full call number Accession Number Koha item type
      MAJU MAJU   2019-09-14 576.8 6197 Accounting

Powered by Koha